Morfologia de frutos e sementes e germinação de Poincianella pyramidalis (Tul.) L. P. Queiroz, comb. Nov (Registro n. 86431)
[ somente texto ]
| 000 -LÍDER | |
|---|---|
| fixed length control field | 04374nab a2200325 i 4500 |
| 003 - CÓDIGO MARC DA AGÊNCIA CATALOGADORA | |
| Campo de controle | BR-BrBNA |
| 005 - DATA E HORA DA ÚLTIMA ATUALIZAÇÃO | |
| Campo de controle | 20231009090854.0 |
| 008 - CAMPO DE TAMANHO FIXO | |
| fixed length control field | 231009b2016 bl.qr|pooa||| 00| 0 por | |
| 040 ## - FONTE DA CATALOGAÇÃO | |
| Agência catalogadora | BR-BrBNA |
| Idioma da catalogação | por |
| 072 ## - CATEGORIA AGRIS | |
| Código AGRIS | F50 |
| 100 ## - ENTRADA PRINCIPAL - NOME PESSOAL | |
| Nome pessoal | Mendonça, Andrea Vita Reis |
| 100 ## - ENTRADA PRINCIPAL - NOME PESSOAL | |
| Nome pessoal | Freitas, Teresa Aparecida Soares de |
| 100 ## - ENTRADA PRINCIPAL - NOME PESSOAL | |
| Nome pessoal | Souza, Leonardo Silva |
| 100 ## - ENTRADA PRINCIPAL - NOME PESSOAL | |
| Nome pessoal | Fonseca, Mariana Duarte Silva |
| 100 ## - ENTRADA PRINCIPAL - NOME PESSOAL | |
| Nome pessoal | Souza, Josival Santos |
| 245 ## - TÍTULO PRINCIPAL | |
| Título principal | Morfologia de frutos e sementes e germinação de Poincianella pyramidalis (Tul.) L. P. Queiroz, comb. Nov |
| 500 ## - NOTA GERAL | |
| Nota geral | Publicação on-line; 35 ref.; 8 tables; 5 illus.; Summaries (En, Pt) |
| 942 ## - ADDED ENTRY ELEMENTS (KOHA) | |
| Koha item type | |
| 520 ## - NOTA DE RESUMO | |
| Nota de conteúdo | <br/><br/>RESUMO<br/>O objetivo deste trabalho foi descrever os caracteres morfológicos dos frutos, sementes e plântulas,<br/>caracterizar o processo de germinação e verificar se a posição da semente no fruto interfere na germinação de<br/>sementes de Poincianella pyramidalis. Os frutos foram coletados de cinco árvores-matrizes em propriedade<br/>rural situada no município de Castro Alves - BA - Brasil em área próxima a remanescentes de Caatinga<br/>sensu stricto e Floresta Estacional. O fruto de Poincianella pyramidalis é do tipo legume, polispérmico,<br/>deiscente, medindo, em média, 9,4±0,08 cm de comprimento, podendo conter até 8 sementes por fruto,<br/>sendo o número médio de sementes, aparentemente viáveis, por 100 frutos de 280±29,8. A semente é<br/>elipsoide de cor castanho-amarelada e superfície lisa, polida e dura, sendo provida de testa e tegma, com<br/>comprimento de 1,25 ± 0,004 cm. O embrião é axial, invaginado e reto e não foi verificada presença de<br/>endosperma. O peso de 1000 sementes foi de 106,8 ± 12,4 g. A germinação é epígea fanerocotiledonar,<br/>teve início no terceiro dia após a semeadura e a formação completa da plântula foi verificada no nono dia.<br/>A produção de sementes de Poincianella pyramidalis na posição proximal é inferior em relação às demais<br/>posições. O percentual de germinação é influenciado pela posição da semente no fruto, sementes na posição<br/>distal apresentam germinação inferior às sementes das demais posições.<br/><br/>Palavras-chave: Caesalpinia pyramidalis; catinga-de-porco; posição semente no fruto. |
| 520 ## - NOTA DE RESUMO | |
| Nota de conteúdo | <br/><br/>ABSTRACT<br/>The objective of this study was to describe the morphological characters of fruits, seeds and seedlings,<br/>characterize the germination process and verify that the seed position in the fruit interferes with the seed<br/>germination of Poincianella pyramidalis. The fruits were collected from five trees in the Castro Alves,<br/>Bahia – Brazil in the area near the remnants of Caatinga sensu stricto and Deciduous Forest. The fruit of<br/>Poincianella pyramidalis is a type of legume, polyspermic, dehiscent, measuring on average 9.4 ± 0.08<br/>cm in length and can contain up to 8 seeds per fruit, being the average number of seeds, apparently viable<br/>fruits per 100 ± 280 29.8. The seed is ellipsoid, yellowish brown color and smooth, polished and hard, being <br/>provided testa and internal tegument, with a length of 1.25 ± 0.004 cm. The embryo is axis, invaginated and<br/>straight and there was no presence of endosperm. The weight of 1000 seeds was 106.8 ± 12.4 g. Germination<br/>is phanecotylar-epigious began the third day after sowing and the complete formation of the seedling was<br/>observed on the ninth day. Seed production of Poincianella pyramidalis in the proximal position is lower<br/>compared to other positions. Seed germination is influenced by seed position in the fruit, seeds present in<br/>the distal lower seed germination of other positions.<br/><br/>Keywords: Caesalpinia pyramidalis; catinga-de-porco; fruit position on seed. |
| 650 ## - ASSUNTO - THESAGRO | |
| Cabeçalho tópico ou nome geográfico | CAESALPINIA PYRAMIDALIS |
| 650 ## - ASSUNTO - THESAGRO | |
| Cabeçalho tópico ou nome geográfico | CATINGUEIRA |
| 650 ## - ASSUNTO - THESAGRO | |
| Cabeçalho tópico ou nome geográfico | MORFOLOGIA VEGETAL |
| 650 ## - ASSUNTO - THESAGRO | |
| Cabeçalho tópico ou nome geográfico | FRUTO |
| 650 ## - ASSUNTO - THESAGRO | |
| Cabeçalho tópico ou nome geográfico | SEMENTE |
| 650 ## - ASSUNTO - THESAGRO | |
| Cabeçalho tópico ou nome geográfico | GERMINAÇÃO |
| 773 0# - ENTRADA ANALÍTICA | |
| Host Biblionumber | 4065 |
| Registro do item | 102038 |
| Imprenta | Santa Maria-RS Universidade Federal de Santa Maria - Centro de Pesquisas Florestais.Departamento de Ciências Florestais. Programa de Pós-Graduação em Engenharia Florestal 1991 |
| Outro identificador | 2023-436444 |
| Título | Ciência Florestal (Brazil) |
| ISSN | 0103-9954; 1980-5098 (on-line) |
| Colação | v. 26(2) p. 375-387; (Apr-Jun 2016) |
| Número de controle de registro | BR2023001183 |
| 856 ## - ACESSO E ENDEREÇO ELETRÔNICO | |
| Identificador uniforme de recurso - URI | https://www.scielo.br/j/cflo/a/bcj9PJ5hcX8hBvgQvV48gNb/?format=pdf&lang=pt |
Nenhum exemplar disponível.

BINAGRI